Normal view
MARC view
- Erasmus , Desiderius
Entry Personal Name
001 - CONTROL NUMBER
- control field: 134025
003 - CONTROL NUMBER IDENTIFIER
- control field: NUST
005 - DATE AND TIME OF LATEST TRANSACTION
- control field: 20260409154416.0
008 - FIXED-LENGTH DATA ELEMENTS
- fixed length control field: 260409|| aca||aabn | a|a d
040 ## - CATALOGING SOURCE
- Original cataloging agency: NUST
- Transcribing agency: NUST
100 ## - HEADING--PERSONAL NAME
- Personal name: Erasmus , Desiderius
670 ## - SOURCE DATA FOUND
- Source citation: Work cat.: (NUST): Erasmus , Desiderius., Praise of Folly and Other Writings: A Norton Critical Edition /, 1989.
